000
00340nam a2200145Ia 4500
008
191201s2005 xx 000 0 und d
082
_a
540
_b
GUE
100
_a
GURTU, J N
245
0
_a
Engineering Chemistry
250
_a
8th
260
_a
N.Delhi
_b
Pragati Prakashan Meerut
_c
2005
300
_a
466
650
_a
Applied
942
_2
ddc
_c
BK
999
_c
1434
_d
1434